| 000 | 00529cam a2200145 4500500 | ||
|---|---|---|---|
| 005 | 20251012032529.0 | ||
| 041 | _afre | ||
| 042 | _adc | ||
| 100 | 1 | 0 |
_aMotoret, Laurence _eauthor |
| 245 | 0 | 0 | _aChristopher Priest, Le Prestige, traduit de l’anglais par Michèle Charrier, Paris, Denoël/Lunes d’encre, 2001, 416 pages. |
| 260 | _c2003. | ||
| 500 | _a35 | ||
| 786 | 0 | _nSigila | 12 | 2 | 2003-12-20 | p. 189-190 | 1286-1715 | |
| 856 | 4 | 1 | _uhttps://shs.cairn.info/revue-sigila-2003-2-page-189?lang=fr&redirect-ssocas=7080 |
| 999 |
_c1547563 _d1547563 |
||